| 000 | 01657nam a2200517 i 4500 | ||
|---|---|---|---|
| 001 | 29565 | ||
| 003 | KOSZ 005 | ||
| 005 | 20220408090048.0 | ||
| 008 | 970612s1991 pl a f f |001 0 pol | ||
| 015 | _aUWD 1991/6629 | ||
| 020 | _a8301103205 | ||
| 035 | _a991001862929705066 | ||
| 035 | _a(PL-WaBN)b10522931-48omnis_nlop | ||
| 035 | _ab10522931 | ||
| 035 | _a(OCoLC)749634425 | ||
| 035 | _a(PL)b0000001052293 | ||
| 035 | _a(EXLNZ-48OMNIS_NETWORK)9910177248105606 | ||
| 040 |
_aWA N _cWA N _dKOSZ 005/HR |
||
| 046 | _k1991 | ||
| 080 | _a60 | ||
| 080 | _a579.6 | ||
| 080 | _a577 | ||
| 080 | _a663.1 | ||
| 080 | _a(075.8) | ||
| 100 | 1 |
_aChmiel, Aleksander _eAutor |
|
| 245 | 1 | 0 |
_aBiotechnologia : _bpodstawy mikrobiologiczne i biochemiczne / _cAleksander Chmiel. |
| 260 |
_aWarszawa : _bPaństwowe Wydawnictwo Naukowe, _c1991. |
||
| 300 |
_a363, [1] s. : _brys., wykr. ; _c24 cm. |
||
| 336 |
_aTekst _btxt _2rdacontent |
||
| 337 |
_aBez urządzenia pośredniczącego _bn _2rdamedia |
||
| 338 |
_aWolumin _bnc _2rdacarrier |
||
| 380 | _aKsiążki | ||
| 380 | _aPublikacje dydaktyczne | ||
| 385 |
_mPoziom nauczania _aSzkoły wyższe |
||
| 388 | _a1901-2000 | ||
| 388 | _a1989-2000 | ||
| 504 | _aBibliogr. s. 346-351. - Indeks. | ||
| 650 | 7 |
_aBiotechnologia _2DBN |
|
| 650 | 7 | _aBiotransformacje | |
| 655 | 7 |
_aPodręczniki akademickie _2DBN |
|
| 658 | _aInżynieria i technika | ||
| 710 |
_aPaństwowe Wydawnictwo Naukowe _4pbl |
||
| 856 |
_uhttp://koha.tu.koszalin.pl/cgi-bin/koha/opac-detail.pl?biblionumber=29565 _yKatalog online BPK |
||
| 942 |
_2UKD _cKS |
||
| 999 |
_c29565 _d29565 |
||